Harrap's five language business dictionary / (Record no. 347041)
[ view plain ]
| 000 -LEADER | |
|---|---|
| fixed length control field | 00799 a2200181 4500 |
| 020 ## - INTERNATIONAL STANDARD BOOK NUMBER | |
| International Standard Book Number | 0245603476 (hardcover) |
| 020 ## - INTERNATIONAL STANDARD BOOK NUMBER | |
| International Standard Book Number | 9780245603471 (hardcover) |
| 090 ## - LOCALLY ASSIGNED LC-TYPE CALL NUMBER (OCLC); LOCAL CALL NUMBER (RLIN) | |
| -- | 4600 |
| -- | 4600 |
| 100 1# - MAIN ENTRY--PERSONAL NAME | |
| Personal name | Angere, Monika. |
| 245 10 - TITLE STATEMENT | |
| Title | Harrap's five language business dictionary / |
| Statement of responsibility, etc. | Monika Angere. |
| 260 ## - PUBLICATION, DISTRIBUTION, ETC. | |
| Place of publication, distribution, etc. | [S.l.] : |
| Name of publisher, distributor, etc. | Chambers, |
| Date of publication, distribution, etc. | 1991. |
| 300 ## - PHYSICAL DESCRIPTION | |
| Extent | 448 p. |
| 490 1# - SERIES STATEMENT | |
| Series statement | English, french, german, italian and spanish edition. |
| 520 ## - SUMMARY, ETC. | |
| Summary, etc. | A modern dictionary of the vocabulary needed in all areas of business and commerce. A single alphabetical listing of entries gives access to translations in four languages. |
| 830 #0 - SERIES ADDED ENTRY--UNIFORM TITLE | |
| Uniform title | English, french, german, italian and spanish edition. |
| 856 40 - ELECTRONIC LOCATION AND ACCESS | |
| Materials specified | Amazon.com |
| Uniform Resource Identifier | <a href="http://www.amazon.com/exec/obidos/ASIN/0245603476/chopaconline-20">http://www.amazon.com/exec/obidos/ASIN/0245603476/chopaconline-20</a> |
| 942 ## - ADDED ENTRY ELEMENTS (KOHA) | |
| Institution code [OBSOLETE] | NBS |
| Koha item type | Book |
| Call number prefix | 650.03 HAR |
| Withdrawn status | Lost status | Damaged status | Not for loan | Permanent Location | Current Location | Date acquired | Total Checkouts | Full call number | Barcode | Date last seen | Price effective from | Koha item type |
|---|---|---|---|---|---|---|---|---|---|---|---|---|
| Central Library (CL) | Central Library (CL) | 08/28/2013 | 650.03 HAR | NBS314 | 08/28/2013 | 08/28/2013 | Book |
